Statistiche per Città del paesi nordici - quiz con mappa

Clicka qui per fare il quiz!

Statistiche generali

  • Questo quiz è stato fatto 91 volte
  • Il punteggio medio è 7 su 12

Risposte nella Mappa

Le risposte nella mappa del quiz sottostante sono codificate secondo una scala di colori dal rosso al verde in base alla % di persone che hanno risposto correttamente.
 

Statistiche sulle risposte

Risposta% Corretto
Reykjavík
87%
Helsinki
83%
Copenaghen
81%
Stoccolma
79%
Oslo
76%
Bergen
54%
Göteborg
51%
Oulu
46%
Aalborg
40%
Umeå
37%
Hammerfest
33%
Visby
33%

Distribuzione punteggi

Percentile per numero di risposta

Percentuale di utenti per punteggio

I tuoi punteggi nel tempo

Non hai fatto questo quiz